00449nam a2200145Ia 4500008004100000041000800041082001200049100001700061245001800078260003700096300002400133365001100157999001700168952011800185240624s9999 xx 000 0 und d aeng a823 DEF aDEFOE DANIEL aMOLL FLANDERS c2007aNew DelhibPearson Longman a595 : p. : cm. ; 23 cRSb30 c19091d19091 00104070aIMTNbIMTNcRack 40-Ad2012-05-16eAPg310.00o823 DEFp19091r2024-06-24 00:00:00t1w2024-06-24yBK